LIBRARY & INFORMATION CENTRE, KCAET, TAVANUR

ONLINE PUBLIC ACCESS CATALOGUE (OPAC)

Soils and fertilisers at a glance / (Record no. 13305)

MARC details
000 -LEADER
fixed length control field 00469cam a2200181ua 4500
041 ## - LANGUAGE CODE
Language code of text/sound track or separate title eng
082 ## - DEWEY DECIMAL CLASSIFICATION NUMBER
Classification number 631.8
Item number SOM/SO
100 ## - MAIN ENTRY--AUTHOR NAME
Personal name Somani, L L .
245 ## - TITLE STATEMENT
Title Soils and fertilisers at a glance /
260 ## - PUBLICATION, DISTRIBUTION, ETC. (IMPRINT)
Place of publication Udaypur :
Name of publisher Agro-tech publishing academy ,
Year of publication 2004.
300 ## - PHYSICAL DESCRIPTION
Number of Pages 1053 ; .
700 1# - ADDED ENTRY--PERSONAL NAME
Personal name Kanthariya, P C .
942 ## - ADDED ENTRY ELEMENTS (KOHA)
Koha item type Books
Holdings
Withdrawn status Lost status Damaged status Home library Current library Date acquired Full call number Accession Number Koha item type
      KAUAET KAUAET 07/04/2012 631.8 21529 Books
free website counter